[Event "TCh-CRO Women"]
[Site "Pula CRO"]
[Date "2001.09.14"]
[Round "5"]
[White "Srebrnic,A"]
[Black "Grabics,M"]
[Result "1/2-1/2"]
[WhiteElo "2176"]
[BlackElo "2295"]

1.Nf3 Nf6 2.c4 g6 3.Nc3 Bg7 4.e4 d6 5.d4 O-O 6.Be2 e5 7.dxe5 dxe5 8.Bg5 Qe8
9.O-O Bg4 10.Ne1 Bxe2 11.Qxe2 Nc6 12.Nc2 Nd4 13.Nxd4 exd4 14.Bxf6 Bxf6 15.Nd5 Bd8
16.Rad1 c6 17.Nf4 Bc7 18.Nd3 Qe6 19.b3 Rae8 20.Rfe1 c5 21.Qd2 Qc6 22.f3 a6
23.Rc1 Re6 24.a3 b6  1/2-1/2

[Event "TCh-CRO"]
[Site "Pula CRO"]
[Date "2001.09.14"]
[Round "5"]
[White "Sulava,N"]
[Black "Rasic,D"]
[Result "1-0"]
[WhiteElo "2531"]
[BlackElo "2284"]

1.Nf3 Nf6 2.c4 g6 3.Nc3 Bg7 4.e4 d6 5.d4 O-O 6.Be2 e5 7.O-O Na6 8.Be3 Qe8
9.h3 Nh5 10.Re1 Nf4 11.Bf1 h6 12.c5 Ne6 13.cxd6 cxd6 14.Qd2 Kh7 15.Rad1 f5
16.exf5 gxf5 17.dxe5 dxe5 18.Nb5 e4 19.Nfd4 Qg6 20.f4 Bd7 21.Nxf5 Rxf5 22.Qxd7 Nxf4
23.Rd6 Qg5 24.Nd4 Raf8 25.Ne6 Qg3 26.Qxg7+ Qxg7 27.Nxg7 Kxg7 28.g3 Ng6 29.Bd4+ Kh7
30.Bg2 Ne5 31.Bxe5 Rxe5 32.Rxe4 Rxe4 33.Bxe4+ Kg7 34.Rg6+ Kf7 35.Rxh6 Nc5
36.Rh7+ Kf6 37.Bg2 Rd8 38.b4 Nd7 39.Bxb7 Nf8 40.Rh6+ Ke5 41.Ra6  1-0

[Event "TCh-CRO Jun"]
[Site "Pula CRO"]
[Date "2001.09.14"]
[Round "5"]
[White "Ramesa,M"]
[Black "Pecnik,L"]
[Result "1-0"]
[WhiteElo "2090"]
[BlackElo "2204"]

1.d4 Nf6 2.Nf3 g6 3.c4 Bg7 4.Nc3 O-O 5.e4 d6 6.Be2 e5 7.O-O Na6 8.Re1 Qe8
9.Bf1 Bg4 10.d5 Nb4 11.Be2 a5 12.Be3 Na6 13.Nd2 Bd7 14.b3 h5 15.f3 Nh7 16.a3 f5
17.b4 f4 18.Bf2 Qe7 19.Qb3 g5 20.c5 g4 21.cxd6 cxd6 22.Nc4 g3 23.hxg3 fxg3
24.Bxg3 Qg5 25.Bf2 h4 26.Nd1 axb4 27.Nxd6 Bh3 28.Ne3 Nc5 29.Qc4 Bxg2 30.Nxg2 h3
31.Bf1 hxg2 32.Bxg2 Nd7 33.Nf5 Rac8 34.Qxb4 Rxf5 35.exf5 Qxf5 36.Rac1 Rxc1
37.Rxc1 Nhf6 38.Qxb7 e4 39.Rc8+ Kh7 40.d6 Qf4 41.Qc6 Ne5 42.Qc1 Nxf3+ 43.Bxf3 Qxf3
44.Rc3 Qf5 45.Qf1 Ng4 46.Rg3 Bh6 47.Ba7 Qd7 48.Bc5 Ne5 49.Qf6 Nf3+ 50.Kf2 Bg5
51.Rxg5  1-0

[Event "TCh-POL"]
[Site "Glogow POL"]
[Date "2001.09.16"]
[Round "9"]
[White "Przewoznik,J"]
[Black "Socko,M"]
[Result "1/2-1/2"]
[WhiteElo "2428"]
[BlackElo "2389"]

1.Nf3 Nf6 2.c4 g6 3.Nc3 Bg7 4.e4 d6 5.d4 O-O 6.Be2 e5 7.Be3 Ng4 8.Bg5 f6
9.Bc1 Kh8 10.h3 Nh6 11.Be3 Nc6 12.O-O Nf7 13.Qd2 Bd7 14.Rfd1 exd4 15.Nxd4 Re8
16.f4 a6 17.Bf3 Rb8 18.Rac1 Nxd4 19.Bxd4 b5 20.c5 Bc6 21.Nd5 Bxd5 22.exd5 f5
23.Bxg7+ Kxg7 24.cxd6 cxd6 25.Rc6 Ra8 26.Rdc1 Kg8 27.g3 Ra7  1/2-1/2

[Event "TCh-CRO Jun"]
[Site "Pula CRO"]
[Date "2001.09.16"]
[Round "7"]
[White "Zovko,M"]
[Black "Zilic,I"]
[Result "0-1"]
[WhiteElo "2167"]
[BlackElo "2051"]

1.d4 Nf6 2.Nf3 g6 3.c4 Bg7 4.Nc3 O-O 5.e4 d6 6.Be2 Nbd7 7.O-O e5 8.Re1 c6
9.d5 c5 10.Rb1 Nh5 11.a3 b6 12.b4 Qe7 13.a4 cxb4 14.Rxb4 Nf4 15.Bf1 Nc5 16.Ba3 f5
17.a5 fxe4 18.Nxe4 Bg4 19.Neg5 h6 20.h3 Bh5 21.g4 hxg5 22.gxh5 gxh5 23.axb6 axb6
24.Bc1 Qd8 25.Bxf4 Rxf4 26.Re3 e4 27.Ne1 Ra2 28.Re2 Ra1 29.Qd2 Be5 30.Re3 Rf5
31.Nc2 Ra2 32.Ra3 Rxa3 33.Nxa3 Rf3 34.Nb1 Qf6 35.h4 e3 36.Qa2 Rxf2 37.Qa8+ Kg7
38.Bh3 Bh2+ 39.Kh1 Qf3+  0-1

[Event "ch-ARM"]
[Site "Yerevan ARM"]
[Date "2001.09.16"]
[Round "4"]
[White "Haroutjunian,G"]
[Black "Nalbandian,T"]
[Result "1/2-1/2"]
[WhiteElo "2346"]
[BlackElo "2458"]

1.Nf3 Nf6 2.c4 g6 3.Nc3 Bg7 4.d4 O-O 5.e4 d6 6.Be2 e5 7.O-O Qe8 8.dxe5 dxe5
9.Be3 Na6 10.Nd2 Nd7 11.Nb3 Qe7 12.Qc1 c6 13.c5 Nc7 14.Na5 Ne6 15.b4 Nd4
16.Bg5 Nf6 17.Bd1 b6 18.cxb6 Qxb4 19.Nxc6 Nxc6 20.Rb1 Qd6 21.b7 Bxb7 22.Rxb7 Nd4
23.Qb2 Rab8 24.Ba4 Rbc8 25.Bxf6 Bxf6 26.Nd5 Qa6 27.Nxf6+ Qxf6 28.Rxa7 Qf4
29.Re1 Rfd8 30.h3 Qg5 31.Kh1 Qh4 32.Kg1 Nc6 33.Rxf7 Kxf7 34.Bxc6 Kg7 35.Bd5 Rb8
36.Qa3 Rf8 37.Rf1 Kh6 38.g3 Qf6 39.Kg2 Rfc8 40.h4 Rc7 41.Rh1 Rbc8 42.Qe3+ Kg7
43.Rb1 Rc3 44.Rb7+ Kh8 45.Qa7 Qf3+ 46.Kh2 Qh5 47.Be6 Rf8 48.Rf7 Rf3 49.Bf5 Qh6
50.Qe7 Rxf7 51.Qxf7 gxf5 52.Qe8+ Kg7 53.Qd7+ Kg8 54.Qd5+ Kf8 55.Qd8+ Kf7
56.Qd7+ Kg8 57.Qd5+ Kg7 58.Qd7+ Kg6 59.Qe8+ Kg7 60.Qd7+ Kg8 61.Qd5+  1/2-1/2

[Event "TCh-CRO"]
[Site "Pula CRO"]
[Date "2001.09.17"]
[Round "8"]
[White "Stohl,I"]
[Black "Zivkovic,Vj"]
[Result "1-0"]
[WhiteElo "2533"]
[BlackElo "2356"]

1.Nf3 Nf6 2.c4 g6 3.d4 Bg7 4.Nc3 d6 5.e4 O-O 6.Be2 c6 7.O-O e5 8.Re1 Nbd7
9.Bf1 exd4 10.Nxd4 a5 11.Rb1 Nc5 12.f3 Nh5 13.Be3 f5 14.exf5 gxf5 15.Qd2 f4
16.Bf2 Be5 17.Rbd1 Qf6 18.Nb3 Nxb3 19.axb3 Bf5 20.c5 dxc5 21.Nd5 Qd6 22.Bc4 Kh8
23.Rxe5 Qxe5 24.Bxc5 Ng7 25.Bd4 Qe8 26.Nc7 Qe7 27.Nxa8 b5 28.Re1 Qg5 29.Bd3 Bxd3
30.Qxd3 Rxa8 31.Qe4 Qd5 32.Qxd5 cxd5 33.Re7 Rg8  1-0

[Event "TCh-CRO"]
[Site "Pula CRO"]
[Date "2001.09.18"]
[Round "9"]
[White "Nikolac,J"]
[Black "Kozul,Z"]
[Result "0-1"]
[WhiteElo "2448"]
[BlackElo "2556"]

1.c4 g6 2.Nc3 Bg7 3.d4 d6 4.e4 Nf6 5.Be2 O-O 6.Nf3 Nbd7 7.O-O e5 8.d5 Nc5
9.Qc2 a5 10.Bg5 h6 11.Be3 b6 12.Nd2 Ng4 13.Bxg4 Bxg4 14.a3 Na6 15.Rab1 f5
16.f3 Bh5 17.b4 axb4 18.axb4 f4 19.Bf2 g5 20.h3 Bg6 21.Qb2 Nb8 22.Ra1 Rxa1
23.Rxa1 h5 24.Ra8 g4 25.hxg4 hxg4 26.Kf1 gxf3 27.gxf3 Qc8 28.Qa1 Qh3+ 29.Ke2 Nd7
30.Ra7 Rc8 31.Nb5 Nf6 32.Nxc7 Nxe4 33.Nxe4 Bxe4 34.fxe4 Qb3 35.Ne6 f3+ 36.Kf1 Bh6
37.Ra8 Rxa8 38.Qxa8+ Kf7 39.Kg1 Qd1+ 40.Kh2 Qf1  0-1

[Event "ch-Africa"]
[Site "Cairo EGY"]
[Date "2001.09.19"]
[Round "4"]
[White "Simutowe,A"]
[Black "Belkhodja,S"]
[Result "1/2-1/2"]
[WhiteElo "2462"]
[BlackElo "2531"]

1.d4 d6 2.Nf3 Nf6 3.c4 g6 4.Nc3 Bg7 5.e4 O-O 6.Be2 e5 7.O-O exd4 8.Nxd4 Re8
9.f3 c6 10.Kh1 Nh5 11.g4 Nf6 12.Bf4 h5 13.g5 Nfd7 14.Qd2 Qe7 15.Rad1 Na6
16.Rg1 Ne5 17.Bg3 Nc5 18.Nb3 Ncd3 19.Rb1 Nc5 20.Rbd1 Ncd3 21.Rb1 Nc5 22.Rgd1 Nxb3
23.axb3 Bf8 24.b4 Bh3 25.Qe3 Qe6 26.b3 Bg7 27.Rd2 Ng4 28.Qd3 h4 29.Bxh4 Be5
30.Bf1 Bxf1 31.Rxf1 Ne3 32.Qxe3 Qh3 33.Qf2 Bxc3 34.Rxd6 Bxb4 35.Rdd1 Rad8
36.Bg3 b6 37.Qg2 Qe6 38.Qb2 Be7 39.Bf4 b5 40.cxb5 cxb5 41.Kg2 a5 42.h4 a4
43.bxa4 bxa4 44.Rxd8 Rxd8 45.Qe5 a3 46.Qxe6 fxe6 47.Ra1 Rd3 48.Kg3 Rb3 49.Be5 Kf7
50.Kg4 Bf8 51.Rc1 a2 52.Rc7+ Ke8 53.Rc8+ Kf7 54.Rc7+ Ke8 55.Ra7 Ra3 56.Rxa3 Bxa3
57.h5 gxh5+ 58.Kxh5 Kf7 59.g6+ Kg8 60.g7 Kh7 61.Kg5 Be7+ 62.Kh5 Bd6 63.Ba1 Bf4
64.Bb2 e5 65.g8=Q+  1/2-1/2

[Event "Battle of Crete Rapid"]
[Site "Panormo GRE"]
[Date "2001.09.22"]
[Round "9"]
[White "Halkias,S"]
[Black "Kantsler,B"]
[Result "0-1"]
[WhiteElo "2505"]
[BlackElo "2524"]

1.d4 d6 2.Nf3 g6 3.c4 Bg7 4.Nc3 Nf6 5.e4 O-O 6.Be2 e5 7.Be3 exd4 8.Nxd4 Re8
9.f3 c6 10.Qd2 d5 11.exd5 cxd5 12.O-O dxc4 13.Rad1 a6 14.Bxc4 Nbd7 15.Rfe1 b5
16.Bb3 Bb7 17.Bf2 Rxe1+ 18.Qxe1 Qe8 19.Qf1 Qe7 20.Re1 Qd6 21.Rd1 Qe7 22.Re1 Qd6
23.Rd1 Qc7 24.Kh1 Nc5 25.Bc2 Re8 26.Rc1 Bh6 27.Rd1 Bf4 28.Bg1 Nh5 29.Nde2 Be3
30.Bxe3 Rxe3 31.Qf2 Re8 32.b4 Ne6 33.Be4 Nf6 34.Bxb7 Qxb7 35.Ng3 Qe7 36.Nge4 Nxe4
37.fxe4 Nc7 38.Rf1 Rd8 39.Qf3 Rd7 40.a3 Qe5 41.h3 Kg7 42.Qe3 Ne6 43.Re1 Nf4
44.Ne2 Nd3 45.Rf1 Nb2 46.Nf4 Nc4 47.Qg3 Nd2 48.Re1 Nxe4 49.Qe3 Re7 50.Kg1 f5
51.h4 Rd7 52.h5 g5 53.h6+ Kxh6 54.Qh3+ Kg7 55.Nh5+ Kg6 56.Qf3 g4 57.Nf4+ Kg5
58.Nh3+ gxh3 59.Qxh3 Qg3 60.Qxg3+ Nxg3 61.Re6 Rd1+ 62.Kf2 Kf4 63.Re1 Rxe1
64.Kxe1 Ke3  0-1

[Event "ECC"]
[Site "Panormo GRE"]
[Date "2001.09.23"]
[Round "1"]
[White "Kocovski,I"]
[Black "Socko,B"]
[Result "1/2-1/2"]
[WhiteElo "2346"]
[BlackElo "2559"]

1.d4 Nf6 2.c4 g6 3.Nc3 Bg7 4.e4 d6 5.Nf3 O-O 6.Be2 e5 7.Be3 Ng4 8.Bg5 f6
9.Bc1 Kh8 10.h3 exd4 11.Nxd4 Nh6 12.Be3 Nc6 13.Qd2 Nxd4 14.Bxd4 f5 15.Be3 Nf7
16.f4 fxe4 17.Nxe4 Re8 18.Nc3 c6 19.O-O Kg8 20.Bd4 Bxd4+ 21.Qxd4 Qe7 22.Rae1 Qe3+
23.Qxe3 Rxe3 24.Bf3 Rxe1 25.Rxe1 Kf8 26.g4 Bd7 27.Ne4 Re8 28.Rd1 Ke7 29.Kf2 h6
30.h4 a5 31.Re1 Kd8 32.Rd1 Ke7 33.Re1 Kd8 34.Rd1  1/2-1/2

[Event "ECC"]
[Site "Panormo GRE"]
[Date "2001.09.23"]
[Round "1"]
[White "Lastin,A"]
[Black "Hausner,I"]
[Result "1-0"]
[WhiteElo "2628"]
[BlackElo "2428"]

1.Nf3 Nf6 2.d4 d6 3.c4 g6 4.Nc3 Bg7 5.e4 O-O 6.Be2 e5 7.O-O Nbd7 8.Be3 Ng4
9.Bg5 f6 10.Bd2 c6 11.h3 Nh6 12.b4 Nf7 13.Qc2 Qe7 14.Be3 Bh6 15.Bxh6 Nxh6
16.Rad1 Nf7 17.Rd2 Re8 18.Rfd1 exd4 19.Nxd4 Nf8 20.b5 Ne6 21.Bf1 Nxd4 22.Rxd4 Be6
23.f4 f5 24.Qf2 fxe4 25.Nxe4 c5 26.R4d2 Bxh3 27.Nc3 Bg4 28.Nd5 Qd8 29.Be2 Be6
30.Bf3 Rb8 31.Ne3 Qf6 32.Bd5 Kg7 33.Bxe6 Rxe6 34.Nd5 Qf5 35.Rd3 Rbe8 36.Nc7 Re1+
37.Rxe1 Rxe1+ 38.Qxe1 Qxd3 39.Qe7 Qg3 40.Ne8+ Kg8 41.Nf6+ Kg7 42.Nd7 Kh6
43.Qf8+ Kh5 44.Nf6+ Kh4 45.Qe7 g5 46.Qe2 g4 47.Ne4 Qa3 48.Qe1+ g3 49.Nxd6 Qd3
50.Nxf7 Qd4+ 51.Kh1 Qxf4 52.Qe7+ Kh5 53.Qe5+ Kg4 54.Qxf4+ Kxf4 55.Nd6 b6
56.Nc8 Ke4 57.Nxa7  1-0

[Event "ECC"]
[Site "Panormo GRE"]
[Date "2001.09.24"]
[Round "2"]
[White "Mitkov,M"]
[Black "Zhigalko,A"]
[Result "1/2-1/2"]
[WhiteElo "2413"]
[BlackElo "2400"]

1.d4 Nf6 2.c4 g6 3.Nc3 Bg7 4.e4 d6 5.Nf3 O-O 6.Be2 e5 7.O-O exd4 8.Nxd4 Re8
9.f3 Nc6 10.Be3 Nh5 11.Qd2 Nf4 12.Rfd1 Nxe2+ 13.Ndxe2 Be6 14.Nd5 Ne5 15.b3 c6
16.Ndc3 f5 17.Rac1 Qa5 18.Nf4 Nf7 19.Bd4 Bh6 20.Be3 Bg7  1/2-1/2

[Event "ECC"]
[Site "Panormo GRE"]
[Date "2001.09.24"]
[Round "2"]
[White "Hracek,Z"]
[Black "Kantsler,B"]
[Result "1/2-1/2"]
[WhiteElo "2610"]
[BlackElo "2524"]

1.e4 g6 2.d4 Bg7 3.c4 d6 4.Nc3 Nf6 5.Nf3 O-O 6.Be2 e5 7.Be3 exd4 8.Nxd4 Re8
9.f3 c6 10.Qd2 d5 11.exd5 cxd5 12.c5 Nc6 13.O-O Rxe3 14.Qxe3 Qf8 15.Ncb5 Qxc5
16.Qf2 Bd7 17.Rfd1 Bh6 18.Nb3  1/2-1/2

[Event "ECC"]
[Site "Panormo GRE"]
[Date "2001.09.25"]
[Round "3"]
[White "Meessen,R"]
[Black "Edvardsson,K"]
[Result "0-1"]
[WhiteElo "2323"]
[BlackElo "2245"]

1.d4 Nf6 2.c4 g6 3.Nc3 Bg7 4.e4 d6 5.Nf3 O-O 6.Be2 e5 7.d5 Na6 8.Bg5 h6 9.Bh4 g5
10.Bg3 Nxe4 11.Nxe4 f5 12.Nfd2 fxe4 13.Nxe4 Bf5 14.Bd3 g4 15.O-O h5 16.f3 Bxe4
17.Bxe4 Nc5 18.Bc2 e4 19.fxe4 Bxb2 20.Rxf8+ Qxf8 21.Rb1 Qf6 22.Bf2 Rf8 23.Be3 Be5
24.Qe1 Bd4 25.Qd2 Be5 26.Qe1 Rf7 27.Rd1 h4 28.Qe2 Qg7 29.Bxc5 dxc5 30.Rf1 g3
31.h3 Bd4+ 32.Kh1 Rxf1+ 33.Qxf1 Qg5 34.e5 Qxe5 35.Bf5 Kg7 36.Be6 Qf6 37.Qd1 Qf4
38.Bg4 Qf2 39.Bc8 Kh6 40.a4 b6 41.Bd7 Bc3 42.Be8 Qf5 43.Qc1+ Kh7 44.Qd1 Kg7
45.Bh5 Kf6 46.Bg4 Qf4 47.Qf3 Qxf3 48.gxf3 Ke5 49.Bc8 Kd4 50.Ba6 Bd2 51.Kg2 Bf4
52.Kf1 Kc3 53.Kg2 Kb4 54.Bb5 Ka5 55.Bc6 a6  0-1

[Event "ECC"]
[Site "Panormo GRE"]
[Date "2001.09.26"]
[Round "4"]
[White "Goriachnik,D"]
[Black "Poldauf,D"]
[Result "0-1"]
[WhiteElo "2230"]
[BlackElo "2403"]

1.Nf3 Nf6 2.c4 g6 3.Nc3 Bg7 4.e4 d6 5.d4 O-O 6.Be2 e5 7.O-O Na6 8.Rb1 exd4
9.Nxd4 Re8 10.f3 Nh5 11.f4 Nf6 12.Bf3 c6 13.b4 Nxb4 14.e5 dxe5 15.fxe5 Nd7
16.Rxb4 c5 17.Bxb7 cxb4 18.Bxa8 bxc3 19.Nb5 Qb6+ 20.Kh1 Nxe5 21.Bd5 Bg4 22.Qa4 Re7
23.Bg5 Nd3 24.Bxe7 Nf2+ 25.Rxf2 Qxf2 26.Qxa7 Qe1+ 27.Qg1 Qxe7 28.h3 c2 29.Qc1 Bd1
30.g3 Qe1+ 31.Kh2 Be5  0-1

[Event "ECC"]
[Site "Panormo GRE"]
[Date "2001.09.26"]
[Round "4"]
[White "Zilberman,Y"]
[Black "Gofshtein,Z"]
[Result "1/2-1/2"]
[WhiteElo "2471"]
[BlackElo "2518"]

1.d4 Nf6 2.Nf3 g6 3.c4 Bg7 4.Nc3 O-O 5.e4 d6 6.Be2 Na6 7.O-O e5 8.Re1 exd4
9.Nxd4 Re8 10.f3 Nh5 11.Be3 f5 12.Bf1 Be5 13.Qd2 f4 14.Bf2 c6 15.Red1 Qf6
16.Rab1 Nc7 17.b4 g5 18.Rbc1 Ng7 19.g4 fxg3 20.hxg3 Nce6 21.Bg2 h6 22.Nce2 Rf8
23.Rf1 Nxd4 24.Bxd4 Nh5 25.Rfd1 Be6 26.a3 Rad8  1/2-1/2

[Event "ECC"]
[Site "Panormo GRE"]
[Date "2001.09.27"]
[Round "5"]
[White "Nielsen,PH"]
[Black "Kantsler,B"]
[Result "1-0"]
[WhiteElo "2593"]
[BlackElo "2524"]

1.d4 Nf6 2.c4 g6 3.Nc3 Bg7 4.e4 d6 5.Nf3 O-O 6.Be2 e5 7.O-O Na6 8.Re1 c6
9.Bf1 Bg4 10.d5 Nb4 11.Be2 a5 12.Bg5 h6 13.Be3 c5 14.h3 Bd7 15.Nh2 Re8 16.Kh1 a4
17.a3 Na6 18.Qd2 Kh7 19.Rab1 Qa5 20.b4 axb3 21.Rxb3 b6 22.Reb1 Reb8 23.Qb2 Ba4
24.Nxa4 Qxa4 25.Bd3 Nh5 26.Qc1 Nc7 27.Ng4 g5 28.g3 Ne8 29.Bd2 Ra6 30.Kg2 Nef6
31.Ne3 Bf8 32.Qd1 Qd7 33.Be2 Ng7 34.Qc2 Be7 35.Rh1 Rba8 36.Bc1 Rg8 37.h4 g4
38.h5 Ngxh5 39.Nf5 Rg6 40.Bd3 Bf8 41.Qb1 Qa7 42.Rh2 Kg8 43.Qb2 Kh7 44.Qe2 Qd7
45.Qf1 Qa4 46.Rb5 Kg8 47.Qh1 Kh7 48.Ne3 Nf4+ 49.gxf4 g3 50.fxg3 exf4 51.Nf5 f3+
52.Kxf3 Ng4 53.Rh4 Ne5+ 54.Ke2 Nxc4 55.Bxh6  1-0

[Event "ECC"]
[Site "Panormo GRE"]
[Date "2001.09.27"]
[Round "5"]
[White "Savchenko,S"]
[Black "Roiz,M"]
[Result "1-0"]
[WhiteElo "2549"]
[BlackElo "2511"]

1.Nf3 g6 2.c4 Bg7 3.Nc3 Nf6 4.e4 d6 5.d4 O-O 6.Be2 e5 7.O-O Nbd7 8.Be3 h6
9.dxe5 dxe5 10.b4 Qe7 11.c5 c6 12.Nd2 Rd8 13.Qa4 Nf8 14.Nc4 Ng4 15.Bxg4 Bxg4
16.f3 Bd7 17.Rad1 Ne6 18.Nd6 b6 19.Qa6 h5 20.Ne2 Bf6 21.Rd2 Rdb8 22.Qd3 Nf8
23.Qc3 bxc5 24.Bxc5 Ne6 25.Be3 a5 26.bxa5 c5 27.Bxc5 Nxc5 28.Qxc5 Bg5 29.f4 exf4
30.Nxf4 Ra6 31.e5 Bxf4 32.Rxf4 Be6 33.Ne4 Qxc5+ 34.Nxc5 Rc6 35.Nxe6 Rxe6
36.Ra4 Rxe5 37.a6 Ra8 38.Rd7 Kf8 39.a7 Re7 40.Rxe7 Kxe7 41.Ra6 Kd7 42.Kf2 Kc8
43.Kf3 g5 44.Ra5 f6 45.Ke4 Kb7 46.Kf5 g4 47.g3  1-0

[Event "ECC"]
[Site "Panormo GRE"]
[Date "2001.09.28"]
[Round "6"]
[White "Tisdall,J"]
[Black "Nikolaidis,I"]
[Result "1/2-1/2"]
[WhiteElo "2492"]
[BlackElo "2531"]

1.Nf3 g6 2.c4 Bg7 3.d4 d6 4.Nc3 Nf6 5.e4 O-O 6.Be2 e5 7.Be3 Ng4 8.Bg5 f6
9.Bh4 Nc6 10.d5 Ne7 11.Nd2 Nh6 12.g4 Kh8 13.f3 f5 14.h3 Nhg8 15.Qc2 c6 16.O-O-O Nf6
17.Kb1 Bd7 18.Qb3 Rb8 19.Bf2 c5 20.Be3 a6 21.a4 Ne8 22.Kc2 Nc7 23.a5 Nc8
24.h4 b5 25.axb6 Nxb6 26.Qa3 f4 27.Bf2 a5 28.h5 g5 29.Rc1 a4 30.Kd1 Qe7 31.Ke1 Rb7
32.Kf1 Rfb8 33.Kg2 Ne8 34.Rb1 Nf6  1/2-1/2

[Event "ECC"]
[Site "Panormo GRE"]
[Date "2001.09.29"]
[Round "7"]
[White "Grotnes,N"]
[Black "Schmidt,M"]
[Result "1/2-1/2"]
[WhiteElo "2291"]
[BlackElo "2104"]

1.d4 Nf6 2.c4 g6 3.Nc3 Bg7 4.e4 d6 5.Be2 O-O 6.Nf3 e5 7.O-O exd4 8.Nxd4 Re8
9.f3 Nc6 10.Be3 Nh5 11.Qd2 f5 12.Nxc6 bxc6 13.exf5 Bxf5 14.g4 Bxc3 15.Qxc3 Qe7
16.Kf2 Qh4+ 17.Kg1 Qe7  1/2-1/2

[Event "ECC"]
[Site "Panormo GRE"]
[Date "2001.09.29"]
[Round "7"]
[White "Krivonosov,O"]
[Black "Kantsler,B"]
[Result "1/2-1/2"]
[WhiteElo "2432"]
[BlackElo "2524"]

1.Nf3 Nf6 2.c4 g6 3.Nc3 Bg7 4.e4 d6 5.d4 O-O 6.Be2 Na6 7.O-O e5 8.Re1 exd4
9.Nxd4 Re8 10.Bf1 Ng4 11.h3 Qf6 12.Nf3 Ne5 13.Nxe5 dxe5 14.Be3 c6 15.c5 Nc7
16.Qa4 Qe7  1/2-1/2

[Event "Champions Cup"]
[Site "Cartagena de Indias COL"]
[Date "2001.09.30"]
[Round "3"]
[White "Gamboa,N"]
[Black "Cuartas,C"]
[Result "0-1"]
[WhiteElo "2354"]
[BlackElo "2302"]

1.Nf3 Nf6 2.d4 d6 3.c4 g6 4.Nc3 Bg7 5.e4 O-O 6.Be2 e5 7.Be3 Nc6 8.d5 Ne7
9.Nd2 Ne8 10.c5 f5 11.f3 Kh8 12.Nc4 Ng8 13.h4 f4 14.Bf2 Ngf6 15.Qd2 Nh5 16.O-O-O Bd7
17.Kb1 Qe7 18.c6 bxc6 19.dxc6 Bxc6 20.Na5 Bd7 21.Ba6 Nef6 22.Bb7 Rae8 23.Bxa7 Be6
24.Bc6 Rc8 25.b4 Ng3 26.Rh2 Qf7 27.b5 Bd7 28.Bb7 Rcd8 29.Nc6 Rde8 30.Qd3 Be6
31.Na5 Rd8 32.Rd2 Ra8 33.Bxa8 Rxa8 34.b6 cxb6 35.Bxb6 Rb8 36.Rb2 Rc8 37.Nb5  0-1

[Event "Tatry Open"]
[Site "High Tatras SVK"]
[Date "2001.09.30"]
[Round "2"]
[White "Skreno,V"]
[Black "Macak,S"]
[Result "0-1"]
[WhiteElo "2077"]
[BlackElo "2214"]

1.d4 Nf6 2.Nf3 d6 3.c4 g6 4.Nc3 Bg7 5.e4 O-O 6.Be2 e5 7.O-O Nbd7 8.Re1 Re8
9.d5 Nc5 10.Bf1 a5 11.b3 Nh5 12.a3 f5 13.Bg5 Nf6 14.b4 Na6 15.exf5 gxf5 16.Qb3 h6
17.Bh4 b6 18.Rac1 Qd7 19.Nd2 Qf7 20.f3 Rb8 21.Bf2 Nh5 22.Rb1 Bf6 23.Qc2 Qg7
24.Na4 axb4 25.axb4 Kh8 26.Kh1 Rg8 27.Qa2 Qg5 28.c5 bxc5 29.bxc5 Nb4 30.Rxb4 Rxb4
31.cxd6 cxd6 32.Nc4 Ba6 33.Nxd6 Kh7 34.Be3 Qh4  0-1

[Event "Tatry Open"]
[Site "High Tatras SVK"]
[Date "2001.09.30"]
[Round "2"]
[White "Biolek,R"]
[Black "Hlinka,V"]
[Result "0-1"]
[WhiteElo "2434"]
[BlackElo "2142"]

1.c4 Nf6 2.Nc3 g6 3.e4 d6 4.d4 Bg7 5.Nf3 O-O 6.Be2 e5 7.d5 a5 8.Bg5 h6 9.Bh4 Na6
10.Nd2 Bd7 11.O-O Qe8 12.Kh1 Nc5 13.Qc2 Nh7 14.b3 h5 15.f3 Bh6 16.g4 hxg4
17.fxg4 Ng5 18.a3 Nh3 19.b4 axb4 20.axb4 Rxa1 21.Rxa1 Na6 22.Rb1 Nf4 23.g5 Qd8
24.Nf3 Bg4 25.Ng1 Nxe2 26.Ncxe2 Bxg5 27.Bxg5 Qxg5 28.c5 Qe3 29.Rb3 Qf2 30.c6 bxc6
31.dxc6 Kg7 32.Qd3 Rh8 33.Qg3 Qxg3 34.Nxg3 Be6 35.Rb1 Rb8 36.b5 Bc4  0-1

[Event "Chigorin Mem Open"]
[Site "St Petersburg RUS"]
[Date "2001.10.01"]
[Round "7"]
[White "Dribinsky,B"]
[Black "Akimov,I"]
[Result "1-0"]
[WhiteElo "2097"]
[BlackElo "2279"]

1.d4 Nf6 2.Nf3 g6 3.c4 Bg7 4.Nc3 O-O 5.e4 d6 6.Be2 Nbd7 7.O-O e5 8.d5 a5
9.Qc2 h6 10.a3 Ne8 11.Rb1 f5 12.b4 f4 13.Nb5 Ndf6 14.Nd2 g5 15.f3 h5 16.c5 g4
17.fxg4 hxg4 18.Qd1 Rf7 19.Bb2 Bf8 20.Nc4 axb4 21.axb4 Rh7 22.Nxe5 dxe5 23.Bxe5 Bh6
24.Bc4 f3 25.Qd4 Bg7 26.gxf3 g3 27.hxg3 Qd7 28.d6+ Kh8 29.Kf2 cxd6 30.Nxd6 Nxd6
31.Qxd6 Qxd6 32.Bxd6 Ne8 33.Bf4 Rh2+ 34.Ke3 Ra3+ 35.Rb3 Rh6 36.e5 Nc7 37.g4 Rh3
38.Rd3 Ra8 39.Rd8+ Bf8 40.Rxf8+ Kg7 41.Rf7+  1-0

[Event "ch-SLO"]
[Site "Grize SLO"]
[Date "2001.10.02"]
[Round "2"]
[White "Jelen,Ig"]
[Black "Srebrnic,M"]
[Result "1-0"]
[WhiteElo "2398"]
[BlackElo "2161"]

1.d4 Nf6 2.c4 g6 3.Nc3 Bg7 4.e4 d6 5.Nf3 O-O 6.Be2 e5 7.O-O exd4 8.Nxd4 Re8
9.f3 Nc6 10.Be3 Nh5 11.Qd2 f5 12.Rad1 f4 13.Nxc6 bxc6 14.Bxf4 Nxf4 15.Qxf4 Be6
16.c5 Be5 17.Qe3 g5 18.g3 Bh3 19.Rf2 d5 20.Qd3 d4 21.f4 Bg7 22.e5 gxf4 23.gxf4 dxc3
24.Qc4+ Be6 25.Rxd8 Bxc4 26.Bxc4+ Kf8 27.Rxa8 Rxa8 28.bxc3 Rd8 29.Kf1 Rd1+
30.Ke2 Rb1 31.Ke3 Rc1 32.Kd4 Rd1+ 33.Bd3 h6 34.Re2 Kf7 35.f5 Bf8 36.Re3 Rd2
37.h3 h5 38.f6 Bh6 39.Rf3 Rd1 40.Ke4 Re1+ 41.Kf5  1-0

[Event "Chigorin Mem Open"]
[Site "St Petersburg RUS"]
[Date "2001.10.02"]
[Round "8"]
[White "Gavrilov,Al"]
[Black "Lukashok,A"]
[Result "1-0"]
[WhiteElo "2462"]
[BlackElo "2304"]

1.d4 Nf6 2.c4 g6 3.Nc3 Bg7 4.e4 d6 5.Nf3 O-O 6.Be2 e5 7.Be3 Ng4 8.Bg5 f6
9.Bc1 h5 10.h3 Nh6 11.dxe5 fxe5 12.c5 Nf7 13.cxd6 cxd6 14.Bc4 Kh8 15.Be3 Qc7
16.Bb3 Na6 17.Rc1 Bd7 18.g4 Be8 19.gxh5 gxh5 20.Nh4 Nh6 21.Qd2 Ng8 22.Nf5 Nc5
23.Bxg8 Rxg8 24.Nd5 Qf7 25.Bxc5 dxc5 26.Rxc5 Bc6 27.Rc3 Bf8 28.Rg3 Rd8 29.Nh6 Qe6
30.Nxg8 Bxd5 31.exd5 Rxd5 32.Qg5 Bb4+ 33.Kf1 Rd1+ 34.Kg2 Qd5+ 35.Rf3 Rxh1
36.Qxh5+ Kxg8 37.Qg6+ Kh8 38.Qh5+ Kg8 39.Kxh1 Bd6 40.Qg6+ Kh8 41.Qh6+ Kg8
42.Qg5+ Kh8 43.Qh5+ Kg8 44.Kg1 Qd1+ 45.Kg2  1-0

[Event "ch-SLO"]
[Site "Grize SLO"]
[Date "2001.10.03"]
[Round "3"]
[White "Srebrnic,V"]
[Black "Starcic,T"]
[Result "1/2-1/2"]
[WhiteElo "2201"]
[BlackElo "2248"]

1.d4 Nf6 2.c4 g6 3.Nc3 Bg7 4.e4 d6 5.Nf3 O-O 6.Be2 e5 7.dxe5 dxe5 8.Qxd8 Rxd8
9.Bg5 Re8 10.O-O-O Na6 11.Nxe5 Nc5 12.Nf3 Nfxe4 13.Nxe4 Nxe4 14.Bd3 f5 15.Be3 Be6
16.Bxe4 fxe4 17.Nd2 b5 18.cxb5 a6 19.b6 cxb6 20.Kb1 b5 21.Nb3 a5 22.Nc5 Bg4
23.Rd2 a4 24.h3 Bf5 25.Rhd1 h5 26.Nb7 Be5 27.Nd6 Bxd6 28.Rxd6 Kf7 29.Rc1 Rad8
30.Rb6 Rd5 31.Rcc6 Re6 32.Rxe6 Bxe6 33.Kc2 Rf5 34.b3 axb3+ 35.axb3 Rd5 36.h4 Ke7
37.Rb7+ Kd6 38.b4 Ke5 39.Kb3 Kf5 40.Rb8 Ke5 41.Bc5 Bd7 42.g3 Ke6 43.Rf8 Ke5  1/2-1/2

[Event "ch-SLO"]
[Site "Grize SLO"]
[Date "2001.10.04"]
[Round "4"]
[White "Penko,I"]
[Black "Srebrnic,V"]
[Result "1/2-1/2"]
[WhiteElo "2238"]
[BlackElo "2201"]

1.d4 Nf6 2.c4 g6 3.Nc3 Bg7 4.e4 d6 5.Be2 O-O 6.Nf3 e5 7.dxe5 dxe5 8.Qxd8 Rxd8
9.Bg5 c6 10.O-O Re8 11.Rfd1 Na6 12.Rd2 Nc5 13.Bxf6 Bxf6 14.h3 a5 15.b3 Bg7
16.Rad1 f6 17.Rd8 Be6 18.Rxa8 Rxa8 19.Kh2 Bf8 20.Ne1 Kf7 21.Nd3 Nxd3 22.Rxd3 Bc5
23.Kg3 Ke7 24.a4 Bd4 25.f4 Rd8 26.Kf3 Kd6 27.g4 Kc5 28.f5 Bf7 29.Bd1 g5 30.Nb1 h5
31.Na3 Rh8 32.Kg2 h4 33.Kf3 Rd8 34.Ke2 Be8 35.Rd2 Rb8 36.Nc2 Rd8 37.Ne1 b5
38.Nd3+ Kb6 39.cxb5 cxb5 40.Nb2 Rc8 41.Nd3 Rc3 42.Rc2 Rxd3 43.Kxd3 bxa4 44.bxa4 Bxa4
45.Rc1 Bb5+ 46.Rc4 Bf2 47.Bc2 Be1 48.Bd1 Bb4 49.Bb3 Ba6 50.Ba4 Be1 51.Bd1 Bd2
52.Bb3 Bb4 53.Ba4 Be1 54.Bd1 Bf2 55.Bc2 Bc5 56.Bd1 Bb4 57.Ba4  1/2-1/2

[Event "Tatry Open"]
[Site "High Tatras SVK"]
[Date "2001.10.05"]
[Round "8"]
[White "Kebis,M"]
[Black "Manik,M"]
[Result "0-1"]
[WhiteElo "2063"]
[BlackElo "2414"]

1.Nf3 Nf6 2.c4 g6 3.Nc3 Bg7 4.d4 O-O 5.e4 d6 6.Be2 e5 7.d5 a5 8.O-O Na6 9.Ne1 Nc5
10.Qc2 Nfd7 11.Be3 f5 12.f3 Nf6 13.Nd3 b6 14.Nxc5 bxc5 15.Bd3 f4 16.Bf2 g5
17.Be2 Bd7 18.Qd1 h5 19.Kh1 Nh7 20.a4 Rf6 21.Be1 Rg6 22.Rg1 g4 23.g3 fxg3
24.fxg4 gxh2 25.Rg2 Bh6 26.Bg3 Bxg4 27.Bxg4 hxg4 28.Bxh2 Nf6 29.Qf1 Kg7 30.Qf5 Qe7
31.Ne2 Rh8 32.Rf1 Be3 33.Ng3 Bf4 34.Kg1 Rh3 35.Qxf4 exf4 36.Nf5+ Kf7 37.Nxe7 Kxe7
38.Bxf4 Nh5 39.e5 Nxf4 40.Rxf4 dxe5 41.Rfxg4 Rxg4 42.Rxg4 Kf6 43.Rg8 Rb3
44.Rf8+ Ke7 45.Rf5 Rxb2 46.Rxe5+ Kd7 47.Re4 Rb4 48.Kf2 Rxa4 49.Ke3 Rb4 50.Rh4 a4
51.Kd3 a3 52.Rh1 a2 53.Ra1 Ra4 54.Kc3 Kd6 55.Kb3  0-1